Comparative economic systems

Salvato in:
Dettagli Bibliografici
Autore principale: Gardner, H. Stephen
Natura: Libro
Lingua:inglese
Pubblicazione: Fort Worth <The> Dryden Press 1997
Edizione:2nd ed.
Soggetti:
Tags: Aggiungi Tag
Nessun Tag, puoi essere il primo ad aggiungerne!!

MARC

LEADER 00000nam$a2200000$$$4500
001 0065941
005 20221129105945.7
020 |a 0-03-032822-5 
041 0 |a eng 
044 |a US 
245 1 0 |a Comparative economic systems  |c H. Stephen Gardner 
250 |a 2nd ed. 
264 1 |a Fort Worth  |b <The> Dryden Press  |c 1997 
300 |a xxi, 761 s. 
610 2 0 |a systémy ekonomické 
610 2 0 |a ekonomika komparatívna 
610 2 0 |a porovnanie medzinárodné 
610 2 0 |a analýza komparatívna 
610 2 0 |a teórie ekonomické 
610 2 0 |a vývoj hospodársky 
610 2 0 |a situácia hospodárska 
610 2 0 |a kapitalizmus 
610 2 0 |a socializmus 
610 2 0 |a krajiny rozvojové 
610 2 0 |a Amerika 
610 2 0 |a západná Európa 
610 2 0 |a Ázia 
610 2 0 |a Afrika 
100 1 |a Gardner, H. Stephen